[Event "Liberec Region-chT 2223"]
[Site "Czech Republic"]
[Date "2023.02.12"]
[Round "8.6"]
[White "Simon, Petr"]
[Black "Hloucal, Antonin"]
[Result "1/2-1/2"]
[WhiteElo "1565"]
[BlackElo "1740"]
[PlyCount "31"]
[EventDate "2022.10.09"]
[EventType "team-tourn"]
[EventRounds "11"]
[EventCountry "CZE"]
[SourceTitle "EXT 2024"]
[Source "ChessBase"]
[SourceDate "2023.10.10"]
[SourceVersion "1"]
[SourceVersionDate "2023.10.10"]
[SourceQuality "1"]

1. e4 e6 2. d4 d5 3. Nd2 Nf6 4. e5 Nfd7 5. Bd3 c5 6. c3 Qb6 7. Ndf3 Nc6 8. Ne2 h6 9. h4 Be7 10. b3 cxd4 11. cxd4 Bb4+ 12. Bd2 Ba3 13. Bc1 Bb4+ 14. Bd2 Ba3 15. Bc1 Bb4+ 16. Bd2 1/2-1/2